| 000 | 00712cab a2200205 4500 | ||
|---|---|---|---|
| 001 | WB3403-02 | ||
| 008 | 090401t1998 xxu||||| |||| 00| 0 eng d | ||
| 035 | _a(Sirsi) u83279 | ||
| 041 | _aeng | ||
| 245 | _aExcellence initiative welcomed | ||
| 260 | _c1998 | ||
| 350 | _a0 | ||
| 490 |
_aContract Journal _v392(6159) 21 January 1998, 9(1) |
||
| 520 | _aConstruction companies welcome the Inside UK Enterprise (IUKE) plan to visit companies exhibiting agreed `best practice` in different areas as a way of pushing for greater excellence in the industry. | ||
| 650 | _aBEST PRACTICE | ||
| 650 | _aCONSTRUCTION INDUSTRY | ||
| 690 | _aBUILDING AND CONSTRUCTION-CONTROL | ||
| 942 | _n0 | ||
| 948 | _c23/01/1998 | ||
| 999 |
_c52591 _d52591 |
||